=LDR 00000nam 2200000 4500 =001 INLIS000000000033533 =005 20130612135501 =008 ***********************************ind** =035 ##$$0010-061300000033533 =041 ##$$a ind =082 ##$$a 628.16 =090 ##$$a 628.16, Set k =100 ##$$a SETIAWAN, Iwan =245 ##$$a Kreasiku : Membuat Air Siap Minum / Iwan Setawan ; Penyunting, Hemiati =260 ##$$a 2007 $b Jakarta =300 ##$$a iv, 42 hlm, ilus, 21 cm =650 ##$$a Air Distilasi =700 ##$$a Hemiati =850 ##$$a NBPNMAT =990 ##$$a 21602257/BPAP-NTB/2017 =990 ##$$a 21603088/BPAP-NTB/2017 =990 ##$$a 1301413014 =990 ##$$a 01201713014 =990 ##$$a 21602257/BPAP-NTB/2017 =990 ##$$a 21603088/BPAP-NTB/2017